|
|
|
|
| LEADER |
01661cas a2200241 a 4500 |
| 001 |
AALejournalIMF008264 |
| 008 |
230101c9999 xx r poo 0 0eng d |
| 020 |
|
|
|c 5.00 USD
|
| 020 |
|
|
|z 9781451823387
|
| 022 |
|
|
|a 1934-7685
|
| 040 |
|
|
|a BD-DhAAL
|c BD-DhAAL
|
| 110 |
2 |
|
|a International Monetary Fund.
|
| 245 |
1 |
0 |
|a Sri Lanka :
|b Recent Economic Developments.
|
| 264 |
|
1 |
|a Washington, D.C. :
|b International Monetary Fund,
|c 1998.
|
| 300 |
|
|
|a 1 online resource (121 pages)
|
| 490 |
1 |
|
|a IMF Staff Country Reports
|
| 500 |
|
|
|a <strong>Off-Campus Access:</strong> No User ID or Password Required
|
| 500 |
|
|
|a <strong>On-Campus Access:</strong> No User ID or Password Required
|
| 506 |
|
|
|a Electronic access restricted to authorized BRAC University faculty, staff and students
|
| 520 |
3 |
|
|a This paper reviews economic developments in Sri Lanka during 1996-98. After slowing to 4 percent in 1996, economic growth recovered to 6 1\2 percent in 1997. The slowdown in 1996 had been mainly owing to a severe drought that affected the agricultural sector and disrupted the power supply. The recovery in 1997 was strongest in agriculture and manufacturing, supplemented by continued good performance in the services sector, including a rebound in tourism. In addition, significant accomplishments were achieved in economic restructuring, including several successful privatizations and an initial step toward fiscal adjustment.
|
| 538 |
|
|
|a Mode of access: Internet
|
| 830 |
|
0 |
|a IMF Staff Country Reports; Country Report ;
|v No. 1998/095
|
| 856 |
4 |
0 |
|z Full text available on IMF
|u http://elibrary.imf.org/view/journals/002/1998/095/002.1998.issue-095-en.xml
|z IMF e-Library
|